00293nam a2200133Ia 45000030006000000080041000060400015000471000012000622450039000742600009001133000006001225460014001280050017001420STCL150530s9999 xx 000 0 und d aSTCLcSTCL aSaldana aSuriyani Malayala Keerthana Malika c1937 a0 aMalayalam20220125165345.0